| 000 | 00605nam a22002057a 4500 | ||
|---|---|---|---|
| 003 | SISC | ||
| 005 | 20170203103148.0 | ||
| 008 | 141004b xxu||||| |||| 00| 0 eng d | ||
| 020 | _a9780273779827 | ||
| 050 |
_aHF 5415 _b.K87 2013 |
||
| 100 | _aKotler, Philip. | ||
| 245 |
_aPrinciples of marketing / _cPhilip Kotler and Gary Armstrong. |
||
| 250 | _a14th edition. | ||
| 260 |
_aMalaysia : _bPearson Education Limited, _c2013. |
||
| 300 |
_a636 pages : _bcolor illustrations ; _c27 cm. |
||
| 521 | _aBusiness Administration | ||
| 650 | _aMarketing. | ||
| 650 | _aManagement. | ||
| 942 |
_2lcc _cBK _kFOR |
||
| 999 |
_c276009 _d276009 |
||